| 000 | 01718 am a2200517 a 4500 | ||
|---|---|---|---|
| 005 | 20240521130350.0 | ||
| 008 | 100330s1982||||ag f 001 0dspa d | ||
| 020 | _a9502300211 | ||
| 041 | _aspa | ||
| 092 |
_c614.44 _l10 _sCAT |
||
| 245 |
_aCátedra de medicina preventiva y social / _cFelix Olivieri |
||
| 250 | _a2a ed. ampliada | ||
| 260 |
_aBuenos Aires: _bEUDEBA; _c1982. |
||
| 300 | _a346 p. | ||
| 500 | _aOlivieri, F. et al. (1982). Cátedra de medicina preventiva y social. (2a ed.). Buenos Aires : EUDEBA. | ||
| 653 | _aMedicina preventiva y social | ||
| 653 | _aDisciplinas y problemas relacionados con la medicina preventiva y social | ||
| 653 | _aDiagnóstico de la realidad sanitaria | ||
| 653 | _aTratamiento de la situación sanitaria | ||
| 653 | _aMedidas de magnitud de la enfermedad | ||
| 653 | _aSalud materno infantil | ||
| 653 | _aAtención médica | ||
| 653 | _aSaneamiento ambiental | ||
| 653 | _aControl sanitario de los alimentos | ||
| 653 | _aFactores ambientales y la salud | ||
| 653 | _aMedicina del trabajo | ||
| 653 | _aEpidemiología | ||
| 653 | _aNutrición | ||
| 653 | _aSalud mental | ||
| 653 | _aAnexo I: alcoholismo | ||
| 653 | _aAnexo II: toxicomania | ||
| 653 | _aRehabilitación | ||
| 700 | 1 |
_aOlivieri, Félix _9352 |
|
| 700 | 1 |
_aLepera, Luis _9353 |
|
| 700 | 1 |
_aGanduglia Pirovano, José A. _9354 |
|
| 700 | 1 |
_aAntoni, Adolfo _9355 |
|
| 700 | 1 |
_aVal, Andrés _9356 |
|
| 700 | 1 |
_aBellocq, Rene _9357 |
|
| 700 | 1 |
_aMazzafero, Vicente _9358 |
|
| 700 | 1 |
_aGanapol, Gregorio _9359 |
|
| 700 | 1 |
_aBiedak, Enrique _9360 |
|
| 700 | 1 |
_aPistoletti, Enrique _9361 |
|
| 700 | 1 |
_aRosemwarzel, Horacio _9362 |
|
| 930 | _a1919 | ||
| 942 |
_2ddc _cBK |
||
| 999 |
_c200 _d200 |
||